Statistics for Countries and Dependent Territories of Oceania by Population

Click here to take the quiz!

General Stats

  • This quiz has been taken 910 times
  • The average score is 20 of 25

Answer Stats

Hint 1Hint 2Answers% Correct
Country23,105,000 peopleAustralia
98%
Country4,462,000 peopleNew Zealand
98%
Country862,000 peopleFiji
97%
Country7,461,000 peoplePapua New Guinea
95%
Country56,000 peopleMarshall Islands
94%
Country21,000 peoplePalau
94%
Country190,000 peopleSamoa
94%
Country104,000 peopleTonga
94%
Country11,000 peopleTuvalu
94%
Country10,000 peopleNauru
93%
Country561,000 peopleSolomon Islands
92%
Country265,000 peopleVanuatu
92%
Country101,000 peopleFederated States of Micronesia
91%
Country106,000 peopleKiribati
91%
DT270,000 peopleFrench Polynesia (France)
80%
DT259,000 peopleNew Caledonia (France)
75%
DT55,000 peopleAmerican Samoa (US)
74%
DT161,000 peopleGuam (US)
73%
DT15,000 peopleCook Islands (NZ)
66%
DT2,000 peopleNiue (NZ)
66%
DT50,000 peopleNorthern Mariana Islands (US)
61%
DT1,000 peopleTokelau (NZ)
55%
DT70 peoplePitcairn Islands (UK)
54%
DT13,000 peopleWallis and Futuna (France)
54%
DT2,000 peopleNorfolk Island (Australia)
47%

Score Distribution

Percentile by Number Answered

Percent of People with Each Score

Your Score History

You have not taken this quiz